Normal view
MARC view
Entry Topical Term
001 - CONTROL NUMBER
- control field: 246863
003 - CONTROL NUMBER IDENTIFIER
- control field: OSt
005 - DATE AND TIME OF LATEST TRANSACTION
- control field: 20251126122445.0
008 - FIXED-LENGTH DATA ELEMENTS
- fixed length control field: 251126|| aca||aabn | a|a d
040 ## - CATALOGING SOURCE
- Original cataloging agency: OSt
- Transcribing agency: OSt
150 ## - HEADING--TOPICAL TERM
- Topical term or geographic name entry element: Folklore
670 ## - SOURCE DATA FOUND
- Source citation: Work cat.: (OSt)215390: SHRIDHARA PANDI SANURU (M) ಶ್ರೀಧರ ಪಾಂಡಿ ಸಾನೂರು (ಎಂ) 246862, Shri kushmandinI devi mahatmya, 2012